Decline and prosperity : Corporate innovation in Japan
Describes the social changes that could lead to corporate decline, explains how Japanese corporations are facing these challenges, and discusses new technologies, materials and directions.
Gorde:
| Egile nagusia: | |
|---|---|
| Formatua: | Liburua |
| Hizkuntza: | Undetermined |
| Argitaratua: |
Tokyo
Kodansha International
1987
|
| Gaiak: | |
| Etiketak: |
Etiketa erantsi
Etiketarik gabe, Izan zaitez lehena erregistro honi etiketa jartzen!
|
| Thư viện lưu trữ: | Trung tâm Học liệu Trường Đại học Cần Thơ |
|---|
| LEADER | 01002nam a2200229Ia 4500 | ||
|---|---|---|---|
| 001 | CTU_218194 | ||
| 008 | 210402s9999 xx 000 0 und d | ||
| 082 | |a 338.06 | ||
| 082 | |b M235 | ||
| 100 | |a Makino, Noboru | ||
| 245 | 0 | |a Decline and prosperity : | |
| 245 | 0 | |b Corporate innovation in Japan | |
| 245 | 0 | |c Noboru Makino | |
| 260 | |a Tokyo | ||
| 260 | |b Kodansha International | ||
| 260 | |c 1987 | ||
| 520 | |a Describes the social changes that could lead to corporate decline, explains how Japanese corporations are facing these challenges, and discusses new technologies, materials and directions. | ||
| 650 | |a Technological innovations,High technology industries,Đổi mới công nghệ,Công nghiệp công nghệ cao | ||
| 650 | |x Economic aspects,Technological innovations,Khía cạnh kinh tế,Đổi mới công nghệ | ||
| 650 | |z Japan,Japan,Nhật Bản,Nhật Bản | ||
| 904 | |i Qhieu | ||
| 980 | |a Trung tâm Học liệu Trường Đại học Cần Thơ | ||